00734nam a2200181 a 4500008004100000020001800041050001600059100002000075245005300095250001200148260004200160300002200202350001100224650006600235995010200301999001700403952013200420160518s2012 ||||||||||||||||| || u a9780137134731 aTK 6560 Raz aRazavi, Behzad 10aRF Microelectronics. (2nd ed.)cBy Behzad Razavi a2nd ed. aNew YorkbPearson Prentice Hallc2012 axxiv, 916p.: ill. a125.00 0aRADIO FREQUENCY INTEGRATED CIRCUITS--DESIGN AND CONSTRUCTION  FCBU-MAIN LIBRARY (Kitwe)I125.00M1UAVAILABLEWMay 31, 2016ZMain Library Open Access Collection c56526d56526 00102lcc4070a001b001cMain Library Open Access Collectiond2022-11-30l0oTK 6560 Razp745820r2022-11-30w2022-11-30y002